[Event "1.GRS Open"]
[Site "Ober-Ramstadt, Modauhalle"]
[Date "2024.07.28"]
[Round "4.46"]
[White "Hofmann, Marco"]
[Black "Ahrends, Norbert"]
[Result "0-1"]
[WhiteElo "1684"]
[BlackElo "1967"]
[PlyCount "108"]
[EventDate "2024.07.26"]
[WhiteTeam "VSG 1880 Offenbach"]
[BlackTeam "SK 1980 Gernsheim"]

1. e4 c6 2. d4 d5 3. exd5 cxd5 4. c4 Nf6 5. Nc3 Nc6 6. Bg5 Be6 7. Bxf6 exf6 8. cxd5 Bxd5 9. f3 Be7 10. Bb5 O-O 11. Nge2 a6 12. Bxc6 Bxc6 13. d5 Be8 14. O-O f5 15. Qd2 Bd6 16. Nd4 Bd7 17. Nce2 Re8 18. Nf4 Rc8 19. Kh1 Rc4 20. Rac1 Rxc1 21. Rxc1 Qe7 22. g3 g6 23. Qe2 Qf6 24. Qf2 Bxf4 25. gxf4 Qd6 26. b3 Qxd5 27. Kg2 Qd6 28. Qd2 Bb5 29. Qc3 Qxf4 30. Qb2 Bd7 31. Rd1 h5 32. Ne2 Qg5+ 33. Kf2 Qe3+ 34. Kg3 Qxe2 35. Qxe2 Rxe2 36. Rxd7 b5 37. a4 bxa4 38. bxa4 Ra2 39. Rd4 Kg7 40. h3 Kf6 41. Rd6+ Ke5 42. Rxa6 h4+ 43. Kxh4 Kf4 44. Ra7 Kxf3 45. Rxf7 Rxa4+ 46. Kg5 f4 47. h4 Kg3 48. Kxg6 Kxh4 49. Rh7+ Kg3 50. Kf5 f3 51. Rg7+ Kf2 52. Kg5 Kf1 53. Kh5 f2 54. Kh6 Re4 0-1

[Event "1.GRS Open"]
[Site "Ober-Ramstadt, Modauhalle"]
[Date "2024.07.28"]
[Round "4.47"]
[White "Bremer, Vincent"]
[Black "Yang, Zhifei"]
[Result "1/2-1/2"]
[WhiteElo "1965"]
[BlackElo "1786"]
[PlyCount "53"]
[EventDate "2024.07.26"]
[WhiteTeam "TSG 1846 Bretzenheim/ZMO"]
[BlackTeam "Sabt Frankfurter TV 1860"]

1. e4 e5 2. d4 exd4 3. c3 d5 4. exd5 Nf6 5. Qxd4 Qxd5 6. Nf3 Nc6 7. Qxd5 Nxd5 8. Bc4 Nb6 9. Bb3 Be7 10. Bf4 Bd8 11. O-O O-O 12. Re1 Na5 13. Bc2 Nd5 14. Bg3 c5 15. Nbd2 Nc6 16. Ne4 Be7 17. Rad1 Nb6 18. Nd6 a6 19. Ne5 Bxd6 20. Rxd6 Nxe5 21. Rxb6 Nc4 22. Rb3 Na5 23. Bd6 Nxb3 24. Bxf8 Kxf8 25. Bxb3 Bd7 26. Bd5 Rb8 27. f4 1/2-1/2

[Event "1.GRS Open"]
[Site "Ober-Ramstadt, Modauhalle"]
[Date "2024.07.28"]
[Round "4.48"]
[White "Markosyan, Aleksandr"]
[Black "Ferrer Ortega, Jesus Guillermo"]
[Result "1-0"]
[WhiteElo "1953"]
[BlackElo "1744"]
[PlyCount "119"]
[EventDate "2024.07.26"]
[WhiteTeam "SG Turm Idstein"]
[BlackTeam "SG Solingen"]

1. e4 e6 2. d4 d5 3. e5 c5 4. c3 Nc6 5. Nf3 Qb6 6. Bd3 cxd4 7. cxd4 Bd7 8. Bc2 Nb4 9. O-O Nxc2 10. Qxc2 Rc8 11. Nc3 Ne7 12. Qd3 h5 13. a4 a6 14. a5 Qd8 15. Bg5 Qc7 16. Rfc1 Qc4 17. Qd2 Qb4 18. Ne4 Rxc1+ 19. Rxc1 Nf5 20. Nc5 Qxd2 21. Bxd2 Bxc5 22. Rxc5 Bc6 23. h3 Rh7 24. Bc3 Rh6 25. Ne1 Kd7 26. Nd3 Rh8 27. g3 Rc8 28. Kg2 Bb5 29. Rxc8 Kxc8 30. Nf4 g6 31. g4 hxg4 32. hxg4 Ne7 33. Kg3 Nc6 34. Kh4 Kd7 35. Kg5 Ke7 36. Ng2 Bd3 37. Ne3 Be4 38. f4 Na7 39. Bb4+ Ke8 40. Bc5 Nc6 41. b4 Nb8 42. f5 gxf5 43. gxf5 exf5 44. Nxf5 Bxf5 45. Kxf5 Nd7 46. e6 fxe6+ 47. Kxe6 Nb8 48. Kxd5 Kd7 49. Ke4 Nc6 50. d5 Nd8 51. Ke5 Nf7+ 52. Kd4 Nd8 53. Bf8 Ke8 54. Bg7 Nf7 55. Kc5 Kd7 56. Kb6 Nd6 57. Bf8 Nb5 58. Kxb7 Nc3 59. Kxa6 Nxd5 60. Kb7 1-0

[Event "1.GRS Open"]
[Site "Ober-Ramstadt, Modauhalle"]
[Date "2024.07.28"]
[Round "4.49"]
[White "von Wahden, Jens"]
[Black "Schilz, Daniel"]
[Result "1-0"]
[WhiteElo "1951"]
[BlackElo "1775"]
[PlyCount "73"]
[EventDate "2024.07.26"]
[WhiteTeam "SV Oberursel"]
[BlackTeam "SK 1980 Gernsheim"]

1. d4 g6 2. c4 Bg7 3. Nc3 d6 4. e4 Nf6 5. f3 O-O 6. Be3 c6 7. Nge2 a6 8. a4 Nbd7 9. Nc1 Ne8 10. Qd2 f5 11. exf5 Rxf5 12. Bd3 Rf7 13. O-O e5 14. d5 Ndf6 15. N1e2 Nc7 16. Be4 Qe7 17. dxc6 Nxe4 18. Nxe4 Ne8 19. cxb7 Bxb7 20. N2c3 Rc8 21. Nd5 Bxd5 22. Qxd5 Nf6 23. Nxf6+ Qxf6 24. b4 Rcc7 25. Rac1 Qh4 26. a5 Bh6 27. Bxh6 Qxh6 28. Qxd6 Qe3+ 29. Kh1 Rcd7 30. Qxa6 Rd2 31. Qa8+ Kg7 32. Qe4 Qa3 33. Qxe5+ Kg8 34. Qc3 Qa2 35. Ra1 Qb2 36. Qxb2 Rxb2 37. a6 1-0

[Event "1.GRS Open"]
[Site "Ober-Ramstadt, Modauhalle"]
[Date "2024.07.28"]
[Round "4.50"]
[White "Kais, Edgar"]
[Black "Fuchs, Andreas"]
[Result "1-0"]
[WhiteElo "1921"]
[BlackElo "1740"]
[PlyCount "75"]
[EventDate "2024.07.26"]
[WhiteTeam "SC Nastätten e.V."]
[BlackTeam "SC Ober-Ramstadt"]

1. Nf3 Nf6 2. g3 g6 3. Bg2 Bg7 4. O-O d6 5. d4 O-O 6. c4 Nc6 7. d5 Na5 8. Nfd2 b6 9. Nc3 Rb8 10. Rb1 a6 11. b4 Nb7 12. Qc2 e5 13. e4 Ne8 14. a4 f5 15. Ba3 f4 16. c5 Qg5 17. cxb6 cxb6 18. b5 a5 19. Ne2 fxg3 20. hxg3 Rf7 21. Rb3 Nf6 22. Rc3 Nc5 23. Bxc5 dxc5 24. Nc4 Bf8 25. Qd3 Qh5 26. f3 g5 27. Nxe5 Rg7 28. Nc6 Rbb7 29. e5 Ne8 30. d6 Bh3 31. Qe4 Bxg2 32. Kxg2 g4 33. fxg4 Rxg4 34. Nf4 Qg5 35. Qd5+ Kh8 36. Ne6 Qg8 37. Rxf8 Rxg3+ 38. Rxg3 1-0

[Event "1.GRS Open"]
[Site "Ober-Ramstadt, Modauhalle"]
[Date "2024.07.28"]
[Round "4.51"]
[White "Niebler, Paul"]
[Black "Draude, Theo"]
[Result "1/2-1/2"]
[WhiteElo "1923"]
[BlackElo "1692"]
[PlyCount "40"]
[EventDate "2024.07.26"]
[WhiteTeam "SK Neuburg"]
[BlackTeam "SF Korbach"]

1. e4 c5 2. Nf3 d6 3. d4 cxd4 4. Nxd4 Nf6 5. Nc3 a6 6. h3 e5 7. Nf3 Be7 8. g4 h6 9. Rg1 b5 10. g5 hxg5 11. Nxg5 Bb7 12. Be3 Qa5 13. a3 d5 14. exd5 Nxd5 15. Bd2 Qc7 16. Qe2 Nd7 17. Nge4 Nf8 18. Bg2 Ne6 19. Nxd5 Bxd5 20. c3 Qc6 1/2-1/2

[Event "1.GRS Open"]
[Site "Ober-Ramstadt, Modauhalle"]
[Date "2024.07.28"]
[Round "4.53"]
[White "Buntkowsky, Gerd"]
[Black "Berberich, Christoph"]
[Result "0-1"]
[WhiteElo "1662"]
[BlackElo "1903"]
[PlyCount "92"]
[EventDate "2024.07.26"]
[WhiteTeam "SC Ober-Ramstadt"]
[BlackTeam "SK Freiburg-Zähringen 1887"]

1. e4 c5 2. Nf3 Nc6 3. d3 g6 4. c3 Bg7 5. g3 d5 6. Nbd2 Nf6 7. Bg2 O-O 8. O-O b6 9. Re1 e6 10. e5 Ng4 11. d4 Nh6 12. Nf1 Nf5 13. g4 Nh4 14. Nxh4 Qxh4 15. Re3 cxd4 16. Rh3 Qe7 17. cxd4 Qb4 18. Be3 f6 19. Rc1 Bd7 20. f4 Qxb2 21. Rc2 Qb4 22. f5 Qa4 23. fxg6 hxg6 24. Qd2 fxe5 25. dxe5 Nxe5 26. Bxd5 Rad8 27. Bg2 Nxg4 28. Bg5 Bd4+ 29. Be3 Bxe3+ 30. Nxe3 Bb5 31. Qc3 Qd4 32. Qxd4 Rxd4 33. Nxg4 Rxg4 34. Rg3 Rxg3 35. hxg3 Rf7 36. Bh3 Re7 37. Rf2 Kg7 38. Rf3 e5 39. Re3 e4 40. Bg2 Bd3 41. Kf2 Kf6 42. Ke1 Ke5 43. Kd2 Kd4 44. Bh3 Rf7 45. Re1 Rf2+ 46. Kc1 Rxa2 0-1

[Event "1.GRS Open"]
[Site "Ober-Ramstadt, Modauhalle"]
[Date "2024.07.28"]
[Round "4.57"]
[White "Helfenstein, Ulf"]
[Black "Drill, Frank"]
[Result "0-1"]
[WhiteElo "1692"]
[BlackElo "1994"]
[PlyCount "88"]
[EventDate "2024.07.26"]
[WhiteTeam "SC Schachmatt Weiterstadt"]
[BlackTeam "SF Neuberg"]

1. e4 d6 2. d4 Nf6 3. Nc3 Nbd7 4. f4 e5 5. Nf3 c6 6. fxe5 dxe5 7. dxe5 Ng4 8. e6 fxe6 9. Bc4 Bc5 10. Rf1 Nxh2 11. Rh1 Qc7 12. Rxh2 Qg3+ 13. Ke2 Nb6 14. Bb3 O-O 15. Qe1 Rxf3 16. Qxg3 Rxg3 17. Bf4 Rg4 18. g3 a5 19. a4 Bd7 20. Rd1 Rg6 21. Ke1 Kf7 22. Rxh7 Ke7 23. Rh5 Bb4 24. Bc7 Ra6 25. Rd3 Nc8 26. Rf3 Nd6 27. Rh8 Ne8 28. Be5 b5 29. Rhf8 Nf6 30. Rb8 Nxe4 31. Rd3 Ra7 32. Ke2 Bd6 33. Bxd6+ Nxd6 34. Rh8 b4 35. Nd1 c5 36. Rh5 c4 37. Rxd6 Kxd6 38. Bxc4 Bxa4 39. b3 Bc6 40. Nf2 Rxg3 41. Rh4 Rg2 42. Ke3 Rf7 43. Rd4+ Ke7 44. Nd3 Rf3# 0-1

[Event "1.GRS Open"]
[Site "Ober-Ramstadt, Modauhalle"]
[Date "2024.07.28"]
[Round "4.58"]
[White "Tietzen, Stefan"]
[Black "Nguyen, Nam"]
[Result "1-0"]
[WhiteElo "1939"]
[BlackElo "1661"]
[PlyCount "81"]
[EventDate "2024.07.26"]
[WhiteTeam "SK 1980 Gernsheim"]
[BlackTeam "SV 1920 Hofheim"]

{[%evp 0,81,29,11,53,66,80,62,58,42,29,32,84,56,42,42,56,38,30,49,56,47,43,-12,22,28,12,19,51,44,63,51,66,71,93,32,78,76,94,83,98,104,165,162,162,87,66,44,42,36,38,59,58,43,41,18,30,27,65,48,20,32,36,0,0,0,0,0,310,310,607,701,649,1146,1151,1274,1311,1311,1311,1460,1548,1716,1802,1244]} 1. e4 c5 2. Nf3 d6 3. d4 cxd4 4. Nxd4 Nf6 5. Nc3 g6 6. Be2 Bg7 7. Be3 a6 8. a4 Bd7 9. O-O O-O 10. Qd2 Nc6 11. Kh1 Rc8 12. Nxc6 Rxc6 13. f3 Kh8 14. a5 Qc8 15. Rac1 e6 16. Rfd1 Nh5 17. Bd4 Rd8 18. Bxg7+ Kxg7 19. Na4 Qc7 20. Nb6 e5 21. Nd5 Qb8 22. b4 Be6 23. c4 Bxd5 24. exd5 Rc7 25. g3 Qc8 26. Kg2 f5 27. Qe3 Nf6 28. c5 e4 29. Qf4 dxc5 30. d6 Rc6 31. b5 axb5 32. Bxb5 exf3+ 33. Kxf3 Ra6 34. Qe5 Rxa5 35. Rxc5 Rxb5 36. Qe7+ Kh6 37. Rxc8 Rb3+ 38. Kg2 Rxc8 39. Qxf6 Rc2+ 40. Kg1 Rbb2 41. Qxb2 1-0

[Event "1.GRS Open"]
[Site "Ober-Ramstadt, Modauhalle"]
[Date "2024.07.28"]
[Round "4.59"]
[White "Pelt, Alexander"]
[Black "Manasek, Martin"]
[Result "1-0"]
[WhiteElo "1935"]
[BlackElo "1677"]
[PlyCount "41"]
[EventDate "2024.07.26"]
[WhiteTeam "SG Speyer-Schwegenheim 2012"]
[BlackTeam "SC Flörsheim 1921"]

1. d4 d5 2. Nf3 Nf6 3. e3 e6 4. Bd3 Bd6 5. O-O O-O 6. Nbd2 c5 7. c3 cxd4 8. exd4 Re8 9. Re1 Nbd7 10. Ne5 Qc7 11. Ndf3 a6 12. Qe2 b5 13. Ng5 Bxe5 14. dxe5 Ne4 15. Nxe4 dxe4 16. Qxe4 Nf8 17. Qxa8 Rd8 18. Qf3 Ng6 19. Bxg6 hxg6 20. Bg5 Bb7 21. Bxd8 1-0

[Event "1.GRS Open"]
[Site "Ober-Ramstadt, Modauhalle"]
[Date "2024.07.28"]
[Round "4.60"]
[White "Saßmannshausen, Mark"]
[Black "Henzelmann, Matthias"]
[Result "1/2-1/2"]
[WhiteElo "1935"]
[BlackElo "1657"]
[PlyCount "65"]
[EventDate "2024.07.26"]
[WhiteTeam "SV Oberursel"]
[BlackTeam "SC Heuchelheim"]

1. d4 d5 2. e4 dxe4 3. Nc3 e6 4. Nxe4 Nd7 5. Nf3 Ngf6 6. Bg5 h6 7. Bh4 Be7 8. Bd3 Nxe4 9. Bxe7 Nxf2 10. Bxd8 Nxd1 11. Bxc7 Nxb2 12. Bb5 a6 13. Rb1 axb5 14. Rxb2 O-O 15. O-O Nf6 16. Ne5 Nd5 17. Bd6 Rd8 18. Bc5 f6 19. Ng6 Kf7 20. Ne5+ Ke8 21. Nd3 b6 22. Bb4 Bd7 23. Bd2 Rdc8 24. Re1 Rc4 25. Re4 Rac8 26. Ne1 f5 27. Rh4 Kf7 28. Rb3 Nc3 29. Nf3 Ke7 30. Ne5 R4c7 31. h3 Nd5 32. c3 Be8 33. a3 1/2-1/2

[Event "1.GRS Open"]
[Site "Ober-Ramstadt, Modauhalle"]
[Date "2024.07.28"]
[Round "4.62"]
[White "Roth, Benjamin"]
[Black "Witt, Alexander"]
[Result "0-1"]
[WhiteElo "1927"]
[BlackElo "1637"]
[PlyCount "103"]
[EventDate "2024.07.26"]
[WhiteTeam "Sabt Frankfurter TV 1860"]
[BlackTeam "Vorw.Orient Mainz"]

1. e4 c6 2. Nf3 d5 3. Nc3 dxe4 4. Nxe4 Bf5 5. Ng3 Bg6 6. h4 h6 7. Ne5 Bh7 8. Qh5 g6 9. Bc4 e6 10. Qe2 Qc7 11. d4 Bg7 12. Nf3 Ne7 13. c3 Nd7 14. O-O O-O-O 15. a4 Nb6 16. Bd3 Nbd5 17. a5 Nf4 18. Bxf4 Qxf4 19. a6 b6 20. Be4 g5 21. Bxh7 Rxh7 22. Qd3 Rhh8 23. Nh5 Qg4 24. Nxg7 gxh4 25. Ne5 Qxg7 26. Qf3 Kc7 27. Qxf7 Rhg8 28. Qxg7 Rxg7 29. Kh2 Rdg8 30. Rg1 Nd5 31. Rae1 Nf4 32. g3 hxg3+ 33. Rxg3 b5 34. Reg1 Rxg3 35. Rxg3 Rxg3 36. Kxg3 Ne2+ 37. Kg4 Kd6 38. Kf3 Nc1 39. Nf7+ Kd5 40. Nxh6 Kc4 41. Nf7 Kb3 42. Nd8 Kxb2 43. Nxc6 Kxc3 44. Nxa7 b4 45. Nb5+ Kd2 46. a7 b3 47. a8=Q b2 48. Qa5+ Kc2 49. Qc3+ Kb1 50. Na3+ Ka2 51. Nc4 b1=Q 52. Qa3# 0-1

[Event "1.GRS Open"]
[Site "Ober-Ramstadt, Modauhalle"]
[Date "2024.07.28"]
[Round "4.63"]
[White "Heppert, Lars"]
[Black "Ghaznavi, Massoud"]
[Result "1-0"]
[WhiteElo "1845"]
[BlackElo "1630"]
[PlyCount "87"]
[EventDate "2024.07.26"]
[WhiteTeam "SK Neuburg"]
[BlackTeam "SV Oberursel"]

1. Nf3 d5 2. e3 a6 3. c4 e6 4. b3 Nc6 5. Bb2 Nf6 6. Nc3 Be7 7. Qc2 h6 8. Be2 Nb4 9. Qb1 c5 10. a3 Nc6 11. cxd5 exd5 12. d4 Be6 13. dxc5 Bxc5 14. O-O Rc8 15. Rd1 Qe7 16. Qd3 Bd6 17. b4 b5 18. Rac1 O-O 19. Nb1 Ng4 20. Nc3 Rfd8 21. Bf1 Nge5 22. Nxe5 Nxe5 23. Qd4 Qg5 24. Qf4 Qg6 25. Nxd5 Rxc1 26. Rxc1 Bxd5 27. Bxe5 Qe6 28. Bxd6 Rxd6 29. Rd1 Rc6 30. Be2 Bc4 31. Bf3 Rb6 32. Rd8+ Kh7 33. Qd4 Qf6 34. Qe4+ g6 35. Qe8 Qg7 36. h4 Re6 37. Qd7 Qa1+ 38. Kh2 Qe5+ 39. g3 Qf6 40. Kg2 h5 41. Ra8 Bf1+ 42. Kxf1 Qxf3 43. Qd8 Kg7 44. Qh8# 1-0

[Event "1.GRS Open"]
[Site "Ober-Ramstadt, Modauhalle"]
[Date "2024.07.28"]
[Round "4.64"]
[White "Kail, Thomas"]
[Black "Cors, Heinz-Friedrich"]
[Result "0-1"]
[WhiteElo "1689"]
[BlackElo "1906"]
[PlyCount "86"]
[EventDate "2024.07.26"]
[WhiteTeam "SK 1925 Großwallstadt"]
[BlackTeam "Schachforum Darmstadt 1994"]

1. d4 Nf6 2. Bf4 e6 3. Nf3 c5 4. e3 Nc6 5. c3 d5 6. Nbd2 Be7 7. Bd3 cxd4 8. exd4 a6 9. O-O O-O 10. Re1 Ne8 11. Qc2 f5 12. h3 Nd6 13. Re2 Ne4 14. Ne5 Nxe5 15. Bxe5 Nxd2 16. Qxd2 b5 17. a3 Qb6 18. Rb1 Bd7 19. Qf4 Rac8 20. h4 a5 21. Qg3 Bf6 22. Bxf6 Rxf6 23. Qf4 b4 24. axb4 axb4 25. cxb4 Qxb4 26. Rc2 Rxc2 27. Bxc2 Rf8 28. Qc7 Qb5 29. Qf4 Rc8 30. Qd2 Qc4 31. Bd1 Bb5 32. b3 Qc3 33. Qxc3 Rxc3 34. f3 Kf7 35. Kf2 Rd3 36. Be2 Rd2 37. Re1 Bxe2 38. Rxe2 Rxd4 39. g3 Rb4 40. Re3 d4 41. Rd3 e5 42. g4 fxg4 43. fxg4 e4 0-1

[Event "1.GRS Open"]
[Site "Ober-Ramstadt, Modauhalle"]
[Date "2024.07.28"]
[Round "4.66"]
[White "Hasenpflug, Till"]
[Black "Pham-Tran, Phuong-Bao"]
[Result "1/2-1/2"]
[WhiteElo "1680"]
[BlackElo "1893"]
[PlyCount "166"]
[EventDate "2024.07.26"]
[WhiteTeam "SK Bad Homburg 1927"]
[BlackTeam "Sabt Frankfurter TV 1860"]

1. e4 d6 2. d4 Nf6 3. Nc3 e5 4. dxe5 dxe5 5. Qxd8+ Kxd8 6. Bg5 Nbd7 7. O-O-O c6 8. f4 Be7 9. fxe5 Ng4 10. Nh3 Ngxe5 11. Bxe7+ Kxe7 12. Be2 Nf6 13. Nf2 Bg4 14. Bxg4 Nfxg4 15. Nxg4 Nxg4 16. Rde1 Ne5 17. Rhf1 f6 18. h3 h5 19. Rd1 Rae8 20. Rd2 Kf7 21. Rfd1 h4 22. Rd4 Rh5 23. Ne2 Rhh8 24. Nf4 Re7 25. b3 Rhe8 26. Kd2 g5 27. Ne2 c5 28. Rd5 b6 29. Nc3 Ng6 30. Rf1 Nf4 31. Rf5 Rd8+ 32. Kc1 Kg7 33. Nd5 Nxd5 34. exd5 Rd6 35. c4 Re2 36. R1f2 Rxf2 37. Rxf2 Kg6 38. Kd2 f5 39. Kd3 Rf6 40. Re2 Kf7 41. Re5 Kg6 42. Ke3 a5 43. a4 Rd6 44. Kf3 Kf6 45. Re8 Kf7 46. Rc8 Kf6 47. Rg8 Rd7 48. Rh8 Ke5 49. Re8+ Kf6 50. Re6+ Kf7 51. Rxb6 Re7 52. Rc6 Rb7 53. Rxc5 Rxb3+ 54. Kf2 Rb2+ 55. Kg1 Rb1+ 56. Kh2 Rb4 57. Rxa5 Rxc4 58. Ra7+ Kf6 59. a5 Ke5 60. a6 Kxd5 61. Rg7 Ra4 62. Rxg5 Ke4 63. Rh5 Ke5 64. Rh6 Kd5 65. a7 Rxa7 66. Rxh4 Ra3 67. Rf4 Ke5 68. Rf3 Ra7 69. h4 Rh7 70. g3 Ra7 71. Kh3 Kf6 72. g4 Ra5 73. Rxf5+ Rxf5 74. gxf5 Kxf5 75. Kg3 Kg6 76. Kg4 Kh6 77. h5 Kh7 78. Kg5 Kg7 79. h6+ Kh7 80. Kh5 Kh8 81. Kg6 Kg8 82. h7+ Kh8 83. Kf7 Kxh7 1/2-1/2

[Event "1.GRS Open"]
[Site "Ober-Ramstadt, Modauhalle"]
[Date "2024.07.28"]
[Round "4.67"]
[White "Diehl, Stefan"]
[Black "Liu, Jonas"]
[Result "1/2-1/2"]
[WhiteElo "1878"]
[BlackElo "1519"]
[PlyCount "51"]
[EventDate "2024.07.26"]
[WhiteTeam "SC Eschborn 1974"]
[BlackTeam "SV Oberursel"]

1. f4 d5 2. Nf3 Nf6 3. e3 e6 4. b3 Bd6 5. Bb2 O-O 6. Be2 c5 7. O-O Nc6 8. Qe1 Bd7 9. Ne5 Qc7 10. Qg3 Ne4 11. Qe1 Nxe5 12. fxe5 Bxe5 13. Bxe5 Qxe5 14. c3 Qc7 15. d3 Nf6 16. Nd2 e5 17. Qg3 Kh8 18. Nf3 Rae8 19. Ng5 h6 20. Qh4 Qd8 21. Rae1 Nh7 22. Nf3 Qxh4 23. Nxh4 g5 24. Nf5 Re6 25. Bg4 Nf6 26. Nxh6 1/2-1/2

[Event "1.GRS Open"]
[Site "Ober-Ramstadt, Modauhalle"]
[Date "2024.07.28"]
[Round "4.69"]
[White "Leopold, Patrick"]
[Black "Rabiya, Karim"]
[Result "0-1"]
[WhiteElo "1657"]
[BlackElo "1864"]
[PlyCount "60"]
[EventDate "2024.07.26"]
[WhiteTeam "SG Springer Burghaun"]
[BlackTeam "SK Niederbrechen 1948"]

1. e4 d6 2. d4 Nf6 3. Nc3 g6 4. Bf4 Bg7 5. Qd2 Nbd7 6. Nf3 c6 7. O-O-O Qc7 8. e5 dxe5 9. Bxe5 Nxe5 10. Nxe5 O-O 11. Bc4 b5 12. Bb3 a5 13. a4 b4 14. Ne2 c5 15. f4 Ne4 16. Qe3 Bb7 17. d5 Nd6 18. g4 Rac8 19. Nc4 Ba6 20. Qd3 Qd7 21. h3 Bxc4 22. Bxc4 Qxa4 23. b3 Qd7 24. c3 Ra8 25. Kd2 a4 26. bxa4 Rxa4 27. Ra1 Rfa8 28. Rxa4 Rxa4 29. Bb3 bxc3+ 30. Nxc3 Rd4 0-1

[Event "1.GRS Open"]
[Site "Ober-Ramstadt, Modauhalle"]
[Date "2024.07.28"]
[Round "5.1"]
[White "Levin, Felix"]
[Black "Korneev, Oleg"]
[Result "1/2-1/2"]
[WhiteElo "2422"]
[BlackElo "2459"]
[PlyCount "23"]
[EventDate "2024.07.26"]
[WhiteTeam "Düsseldorfer SK 14/25"]
[BlackTeam "TSV Schönaich"]

1. d4 d5 2. c4 c6 3. cxd5 cxd5 4. Nf3 Nf6 5. Nc3 Nc6 6. Bf4 a6 7. e3 Bg4 8. Be2 e6 9. O-O Bxf3 10. Bxf3 Bd6 11. Bxd6 Qxd6 12. Rc1 1/2-1/2

[Event "1.GRS Open"]
[Site "Ober-Ramstadt, Modauhalle"]
[Date "2024.07.28"]
[Round "5.2"]
[White "Poetsch, Hagen"]
[Black "Bagrationi, Alexander"]
[Result "1-0"]
[WhiteElo "2453"]
[BlackElo "2409"]
[PlyCount "75"]
[EventDate "2024.07.26"]
[WhiteTeam "SC Heusenstamm"]
[BlackTeam "Schachverein Hemer 1932"]

1. e4 e6 2. d4 d5 3. Nc3 Nf6 4. e5 Nfd7 5. f4 c5 6. Nf3 Nc6 7. Be3 a6 8. a3 b5 9. Bd3 cxd4 10. Nxd4 Nxd4 11. Bxd4 Nc5 12. O-O Nxd3 13. Qxd3 Be7 14. Rf3 g6 15. g4 h5 16. Rh3 Qc7 17. gxh5 gxh5 18. f5 Qc4 19. f6 Qxd3 20. cxd3 Bf8 21. Ne2 b4 22. axb4 Bxb4 23. Nf4 h4 24. Ng2 Bd7 25. Rc1 Ba5 26. Kf2 Rb8 27. Rxh4 Rxh4 28. Nxh4 Rb3 29. Ke3 Bb5 30. Rd1 Bb4 31. Nf3 Bf8 32. Bc3 Bh6+ 33. Ke2 Bd7 34. Rg1 Kd8 35. Nd4 Rb8 36. Rg8+ Kc7 37. Rxb8 Kxb8 38. Bd2 1-0

[Event "1.GRS Open"]
[Site "Ober-Ramstadt, Modauhalle"]
[Date "2024.07.28"]
[Round "5.3"]
[White "Kunin, Vitaly"]
[Black "Hirneise, Jens"]
[Result "1-0"]
[WhiteElo "2522"]
[BlackElo "2300"]
[PlyCount "141"]
[EventDate "2024.07.26"]
[WhiteTeam "FB Mörlenbach-Birkenau"]
[BlackTeam "SC Böblingen 1975 e.V."]

1. d4 Nf6 2. c4 e6 3. Nf3 Bb4+ 4. Nbd2 O-O 5. a3 Bxd2+ 6. Qxd2 b6 7. e3 Bb7 8. Be2 d6 9. O-O c5 10. b4 Qc7 11. Bb2 Nbd7 12. Rfd1 Rfd8 13. Nh4 Nf8 14. d5 Qe7 15. Qc3 Ne8 16. g3 Ng6 17. Nxg6 hxg6 18. e4 e5 19. bxc5 bxc5 20. Bc1 Bc8 21. Rb1 Nf6 22. f3 Nd7 23. Be3 Nb6 24. h4 Bd7 25. Kf2 Rdb8 26. f4 Na4 27. Qc2 exf4 28. Bxf4 Qf6 29. Kg2 Nc3 30. Rxb8+ Rxb8 31. e5 dxe5 32. Qxc3 exf4 33. Qxf6 gxf6 34. gxf4 Rb2 35. Kf1 Kf8 36. Rd3 Ke7 37. d6+ Ke6 38. Rd5 f5 39. h5 gxh5 40. Bd3 Kf6 41. Rxc5 h4 42. Rc7 h3 43. Kg1 Ba4 44. d7 Ke7 45. Bxf5 h2+ 46. Kh1 Rd2 47. Be4 a5 48. c5 Kd8 49. Ra7 Bxd7 50. c6 Bh3 51. Rxf7 Re2 52. Bd5 Rd2 53. Bf3 Rd3 54. c7+ Kc8 55. Be2 Rd7 56. Rf8+ Kxc7 57. Kxh2 Be6 58. Kg3 Rd2 59. Bb5 Ra2 60. a4 Bb3 61. f5 Bxa4 62. Bc4 Bb3 63. Bxb3 Ra3 64. Kf4 Rxb3 65. Ra8 Kd6 66. Kg5 Ke7 67. Ra7+ Kf8 68. Kg6 Rb8 69. f6 Kg8 70. Rg7+ Kh8 71. Rh7+ 1-0

[Event "1.GRS Open"]
[Site "Ober-Ramstadt, Modauhalle"]
[Date "2024.07.28"]
[Round "5.4"]
[White "Chassard, Cedric"]
[Black "Stork, Oliver"]
[Result "1/2-1/2"]
[WhiteElo "2244"]
[BlackElo "2379"]
[PlyCount "101"]
[EventDate "2024.07.26"]
[WhiteTeam "SVG Saarbrücken 1970 e.V."]
[BlackTeam "Klub Kölner Schachfreunde"]

1. e4 c5 2. Nf3 e6 3. d4 cxd4 4. Nxd4 Nc6 5. Nc3 Nf6 6. Nxc6 bxc6 7. e5 Nd5 8. Ne4 Bb7 9. Be2 c5 10. O-O Qc7 11. Nd6+ Bxd6 12. exd6 Qc6 13. f3 Qb6 14. c4 Nb4 15. Be3 a5 16. Qd2 O-O 17. f4 f5 18. b3 Be4 19. Bf3 a4 20. Bxe4 fxe4 21. a3 Nd3 22. b4 Qc6 23. bxc5 Nxc5 24. Rab1 Rac8 25. Qb4 Nd3 26. Qb5 Qxd6 27. Qxa4 Ra8 28. c5 Rxa4 29. cxd6 Ra6 30. a4 Rxd6 31. a5 Ra8 32. Rb6 Rd5 33. a6 Ra5 34. Rb7 R8xa6 35. Rxd7 Rd5 36. Rc7 Ra4 37. Rb1 h6 38. h3 Nb4 39. Rc4 Rb5 40. Rc8+ Kh7 41. Bd2 Rb6 42. Bxb4 Rbxb4 43. Rxb4 Rxb4 44. Rc6 e5 45. fxe5 e3 46. Kf1 Re4 47. Ke2 Rxe5 48. Rc3 Kg6 49. Rxe3 Kf5 50. Rxe5+ Kxe5 51. Ke3 1/2-1/2

[Event "1.GRS Open"]
[Site "Ober-Ramstadt, Modauhalle"]
[Date "2024.07.28"]
[Round "5.5"]
[White "Weber, Samuel"]
[Black "Akhmatovski, Maxim"]
[Result "1-0"]
[WhiteElo "2220"]
[BlackElo "2074"]
[PlyCount "131"]
[EventDate "2024.07.26"]
[WhiteTeam "SV Oberursel"]
[BlackTeam "SV Oberursel"]

1. e4 e6 2. d3 d5 3. Nd2 Nf6 4. Ngf3 Nc6 5. Be2 Bd6 6. c3 O-O 7. O-O e5 8. h3 Re8 9. Re1 a5 10. a4 Ne7 11. Bf1 Ng6 12. exd5 Nxd5 13. Nc4 c6 14. Nxd6 Qxd6 15. Ng5 h6 16. Ne4 Qc7 17. d4 f5 18. Qh5 Kf7 19. Ng3 Nf6 20. Bc4+ Be6 21. Bxe6+ Rxe6 22. Qxf5 Rae8 23. Bd2 e4 24. Be3 b6 25. Rad1 Qb7 26. Ne2 Re5 27. dxe5 Rxe5 28. Ng3 Rxf5 29. Nxf5 Qc7 30. Bd4 Ne5 31. Ng3 Nd3 32. Re2 Nf4 33. Red2 N4d5 34. Bxf6 e3 35. Rd3 exf2+ 36. Kxf2 Nxf6 37. Rd6 b5 38. axb5 cxb5 39. Kg1 h5 40. Ne4 Qe7 41. Nxf6 Qe3+ 42. Kh1 gxf6 43. Rf1 Qe2 44. Rdxf6+ Kg7 45. Rf7+ Kg6 46. h4 Qe5 47. R1f6+ Qxf6 48. Rxf6+ Kxf6 49. Kg1 Kf5 50. Kf2 Ke4 51. g3 Kd3 52. g4 hxg4 53. h5 Kc2 54. h6 Kxb2 55. h7 g3+ 56. Kxg3 Kxc3 57. h8=Q+ Kb3 58. Qg8+ Ka3 59. Kf3 b4 60. Ke2 a4 61. Kd2 Kb2 62. Qg7+ Kb1 63. Qg1+ Ka2 64. Kc1 a3 65. Qf2+ Kb3 66. Qc2# 1-0

[Event "1.GRS Open"]
[Site "Ober-Ramstadt, Modauhalle"]
[Date "2024.07.28"]
[Round "5.6"]
[White "Hinrichs, Paul"]
[Black "Chua, Ethan"]
[Result "1-0"]
[WhiteElo "2256"]
[BlackElo "2131"]
[PlyCount "61"]
[EventDate "2024.07.26"]
[WhiteTeam "Sfr.Heidesheim"]
[BlackTeam "Eindhoven"]

1. d4 Nf6 2. g3 g6 3. Bg2 Bg7 4. e4 d6 5. Ne2 O-O 6. Nbc3 Nbd7 7. O-O Rb8 8. a4 c5 9. h3 a6 10. Be3 cxd4 11. Nxd4 Ne5 12. b3 Bd7 13. Nd5 Nc6 14. Re1 Re8 15. Nxc6 bxc6 16. Nxf6+ Bxf6 17. Bd4 e5 18. Bb2 Be6 19. Qd3 Qa5 20. Bf1 Ra8 21. Qxd6 Red8 22. b4 Rxd6 23. bxa5 c5 24. Bc3 c4 25. Red1 Rad8 26. Rxd6 Rxd6 27. Rb1 Bd8 28. Bxe5 Rd2 29. Rb8 Kf8 30. Bf6 Ke8 31. Bd3 1-0